| 000 | 00484cam a2200193 4500 | ||
|---|---|---|---|
| 001 | D5875 | ||
| 008 | 090401t1981 xxu||||| |||| 00| 0 eng d | ||
| 035 | _a(Sirsi) u74376 | ||
| 041 | _aeng | ||
| 050 | _a657.73 | ||
| 110 |
_aThe Institute of Chartered Accountants in England and Wales _92452 |
||
| 245 | _aAccounting for investment properties | ||
| 260 |
_aLondon _bICAEW _c1981 |
||
| 300 | _a6p. 21cm | ||
| 350 | _a0 | ||
| 490 |
_aSSAP _v19 |
||
| 942 | _n0 | ||
| 948 | _c04/03/1997 | ||
| 999 |
_c95826 _d95826 |
||